Guess Asian Flags #3 - Statistics

General Stats
  • This quiz has been taken 35 times
    17 since last reset
  • The average score is 9 of 13
Answer Stats
Picture Answer % Correct
Malaysia
93%
Pakistan
93%
Sri Lanka
86%
Kazakhstan
71%
Singapore
71%
Laos
64%
Tajikistan
64%
Brunei
57%
Kuwait
57%
Kyrgyzstan
57%
Syria
57%
United Arab Emirates
57%
East Timor
43%
No matching quizzes found
Score Distribution
Percent of People with Each Score
Percentile by Number Answered
Your Score History
You have not taken this quiz since the last reset